| Tag |
First Indicator |
Second Indicator |
Subfields |
| LEADER |
00000cgm a2200000Ka 4500 |
| 001 |
in00002074313 |
| 005 |
20161022063046.0 |
| 007 |
vd cvaizm |
| 008 |
051021s1999 cau125 e vleng d |
| 020 |
|
|
|a 0790739968
|
| 028 |
4 |
3 |
|a 864
|b Warner Home Video
|
| 035 |
|
|
|a (OCoLC)ocm47251914
|
| 040 |
|
|
|a YEQ
|c YEQ
|d OCLCQ
|d TXA
|d UtOrBLW
|
| 043 |
|
|
|a n-us---
|
| 049 |
|
|
|a TXAM
|
| 082 |
0 |
4 |
|a 791.43
|
| 090 |
|
|
|a PN1995.9.A85
|b B4814 1999
|
| 130 |
0 |
|
|a Betsy.
|l French & English.
|
| 245 |
1 |
0 |
|a Harold Robbins' The Betsy /
|c an Allied Artists film ; Emanuel L. Wolf presents ; screenplay by William Bast and Walter Bernstein ; produced by Robert B. Weston ; directed by Daniel Petrie.
|
| 246 |
3 |
0 |
|a Betsy
|
| 250 |
|
|
|a Standard version.
|
| 264 |
|
1 |
|a Burbank, CA :
|b Warner Home Video,
|c [1999]
|
| 300 |
|
|
|a 1 videodisc (125 min.) :
|b sound, color ;
|c 4 3/4 in.
|
| 336 |
|
|
|a two-dimensional moving image
|b tdi
|2 rdacontent
|
| 337 |
|
|
|a video
|b v
|2 rdamedia
|
| 338 |
|
|
|a videodisc
|b vd
|2 rdacarrier
|
| 538 |
|
|
|a DVD; Dolby digital, mono.
|
| 546 |
|
|
|a Closed-captioned. Sound tracks: English and French
|
| 511 |
1 |
|
|a Lawrence Olivier, Robert Duval, Katharine Ross, Tommy Lee Jones, Jane Alexander, Lesley-Anne Down, Joseph Wiseman, Kathleen Beller.
|
| 508 |
|
|
|a Film editor, Rita Roland ; music, John Barry ; director of photography, Mario Tosi.
|
| 500 |
|
|
|a Originally released as a motion picture in 1978.
|
| 500 |
|
|
|a Based on the novel by Harold Robbins.
|
| 500 |
|
|
|a Formatted to fit TV screen.
|
| 521 |
8 |
|
|a MPAA rating: R.
|
| 520 |
|
|
|a "Within the Hardeman family that runs the Bethlehem Motors auto empire, Angelo Perino's an outsider. But that won't stop him from bringing on line an innovative new car--The Betsy--and making his presence known from the boardroom to the bedroom"--Container.
|
| 500 |
|
|
|a Videorecording.
|
| 650 |
|
0 |
|a Automobile industry and trade
|z United States
|v Drama.
|
| 655 |
|
7 |
|a Melodrama
|v Feature
|v Videodisc.
|2 migfg
|
| 655 |
|
7 |
|a Video recordings for the hearing impaired.
|2 lcgft
|
| 655 |
|
0 |
|a Motion pictures, American.
|
| 655 |
|
7 |
|a Feature films.
|2 lcgft
|
| 700 |
1 |
|
|a Petrie, Daniel.
|
| 700 |
1 |
|
|a Bast, William.
|
| 700 |
1 |
|
|a Bernstein, Walter.
|
| 700 |
1 |
|
|a Olivier, Laurence,
|d 1907-1989.
|
| 700 |
1 |
|
|a Duvall, Robert.
|
| 700 |
1 |
|
|a Ross, Katharine,
|d 1940-
|
| 700 |
1 |
|
|a Jones, Tommy Lee,
|d 1946-
|
| 700 |
1 |
|
|a Alexander, Jane,
|d 1939-
|
| 700 |
1 |
|
|a Down, Lesley-Anne.
|
| 700 |
1 |
|
|a Wiseman, Joseph.
|
| 700 |
1 |
|
|a Beller, Kathleen,
|d 1955-
|
| 700 |
1 |
|
|a Robbins, Harold,
|d 1916-1997.
|t Betsy.
|
| 710 |
2 |
|
|a Allied Artists Pictures Corporation.
|
| 710 |
2 |
|
|a Warner Home Video.
|
| 948 |
|
|
|a cataloged
|b h
|c 2006/2/22
|d c
|e mphillip
|f 2:48:19 pm
|
| 994 |
|
|
|a C0
|b TXA
|
| 999 |
|
|
|a MARS
|
| 999 |
f |
f |
|s 3b82532f-4d89-39ea-81c2-a1913c1374d5
|i 3dbdf39b-950d-3117-aaa2-0c510781aed2
|t 0
|
| 952 |
f |
f |
|p ric
|a Texas A&M University
|b Rellis Campus
|c Joint Library Facility
|d Remote Storage
|t 0
|e PN1995.9.A85 B4814 1999
|h Library of Congress classification
|i video -- videodisc
|m A14833527614
|
| 998 |
f |
f |
|a PN1995.9.A85 B4814 1999
|t 0
|l Remote Storage
|